000 003000000a22000970004500
100 1 _aLopes, Nicodemus Augustus
245 1 0 _aLa cuestión decisiva : ¿Qué dice la biblia sobre la ordenación de la mujer?
300 _aVol. 6, Núm 2 (2004), Páginas 18-33
773 0 _tReforma Siglo 21
942 _cANA
999 _c52971
_d52971